Guide artistique de la France /

Další autoři: Cabanne, Pierre, 1921-2007
Jazyk: Francouzština
Vydáno: Paris : Librairie Hachette, 1968
Edice: Bibliothèque des Guides Bleus
Fyzický popis: 14,1240 s., mapy ; 21 cm.
Knihy
Uloženo v:
LEADER 00810nam a22002412a 4500
001 000939975
003 CZ BrMZK
005 20090526151133.0
007 ta
008 090520s1968 fr er|||||||||||fre d
035 |a (OCoLC)2281275 
040 |a DLC  |d BOA001 
245 0 0 |a Guide artistique de la France /  |c ca guide s été établi par Pierre Cabanne, ... [et al.] 
260 |a Paris :  |b Librairie Hachette,  |c 1968 
300 |a 14,1240 s., mapy ;  |c 21 cm. 
490 1 |a Bibliothèque des Guides Bleus 
504 |a Bibliografie na s. 1023-1045 
700 1 |a Cabanne, Pierre,  |d 1921-2007  |7 xx0015352  |4 edt 
830 0 |a Bibliothèque des Guides Bleus 
910 |a BOA001  |b 1-0658.375 
990 |a BK 
991 |b 200905 
996 7 |b 2619298987  |c 1-0658.375  |l MZK  |r Sklad / do 1 hodiny  |n 1  |w 000939975  |u 000010  |a 1  |e BOA001  |j MZK50  |s A